Harry Potter Death Match Quiz Stats

 Plays Quiz Updated Jun 20, 2018

Support Sporcle.
Go Orange.
Score 0/25 Timer 05:00
15 Plays Today
% Correct
Lord Voldemort
97%
Sirius Black
96.7%
Albus Dumbledore
96.7%
Cedric Diggory
96%
Dobby
95%
Severus Snape
94.5%
Nagini
94.1%
Remus Lupin
93.3%
Fred Weasley
93.3%
Bellatrix Lestrange
92.9%
Hedwig
92.2%
Alastor Moody
90.5%
Nymphadora Tonks
90.3%
% Correct
Peter Pettigrew
88.2%
Bathilda Bagshot
87.2%
Gellert Grindelwald
85.9%
Gregorovitch
83%
Rufus Scrimgeour
80.8%
Vincent Crabbe
79.8%
Bertha Jorkins
77.4%
Colin Creevey
74.8%
Frank Bryce
74.3%
Igor Karkaroff
72.9%
Amelia Bones
71%
Evan Rosier
63.5%

You're not logged in!

Compare scores with friends on all Sporcle quizzes.
OR
Log In

From the Vault

30 in 60: TV Characters

by MSUKent

So many characters and so little time!
Remove Ads.
Support Sporcle.
Get the best of Sporcle when you Go Orange. This ad-free experience offers more features, more stats, and more fun while also helping to support Sporcle. Thank you for becoming a member.

Show Comments

Extras

Top Quizzes Today


Score Distribution

Your Account Isn't Verified!

In order to create a playlist on Sporcle, you need to verify the email address you used during registration. Go to your Sporcle Settings to finish the process.

Report this User

Report this user for behavior that violates our Community Guidelines.

Details: